Statistics for U.S States By Gun Ownership

Click here to take the quiz!

General Stats

  • This quiz has been taken 17 times
  • The average score is 9 of 10

Answer Stats

Guns Per 100State% Correct
52.8%Alabama
100%
54.9%Oklahoma
100%
60.7%Wyoming
100%
57.2%Alaska
94%
57.8%Idaho
94%
65.7%Montana
94%
53.3%North Dakota
94%
54.1%Mississippi
88%
55.6%South Dakota
88%
60.6%West Virginia
82%

Score Distribution

Percentile by Number Answered

Percent of People with Each Score

Your Score History

You have not taken this quiz